Loading...

പി റ്റി ഭാസ്കരപ്പണിക്ക൪ - സ്മൃതിരേഖ

Bibliographic Details
Main Authors: ഭാസ്കരപ്പണിക്ക൪ പി റ്റി, Bhaskara Panikker P T
Format: Printed Book
Published: Kottayam; Current Books; 2004
Edition:1st
Subjects:
LEADER 00813nam a22001937a 4500
020 |a 81-240-1507-8 
082 |b 894.M4  |a BAS/P P4 
100 |a ഭാസ്കരപ്പണിക്ക൪ പി റ്റി  |9 283712 
100 |a Bhaskara Panikker P T  |9 283713 
240 |a P T Bhaskarapanikker- Smruthirekha 
245 |a പി റ്റി ഭാസ്കരപ്പണിക്ക൪ - സ്മൃതിരേഖ 
250 |a 1st 
260 |a Kottayam;  |b Current Books;  |c 2004 
300 |a 316p. 
650 |a മലയാളം; ലേഖനങ്ങള്‍  |9 283714 
650 |a Malayalam; Essay  |9 283715 
942 |c BK 
999 |c 52443  |d 52443 
952 |0 0  |1 0  |4 0  |6 894_000000000000000_M4_BAS_P_P4  |7 0  |8 ESS  |9 62279  |a MAL  |b MAL  |d 2016-04-22  |e 47347  |g 125.00  |l 0  |o 894.M4 BAS/P P4  |p MAL047347  |r 2016-04-22  |t 1  |w 2016-04-22  |y BK